000 02035cam a22005054i 4500
003 PE-LiUPU
005 20250731172828.0
008 150617s1981 wau rb 000 0 eng d
035 _a(Sirsi) a15186
040 _aPE-LiUPU
_bspa
_cPE-LiUPU
_erda
049 _aPRUA
082 0 4 _a291.35
_bW21
_221
245 0 4 _aThe sanctuary and the atonement :
_bBiblical, historical, and theological studies.
264 1 _aWashington :
_bThe Review and Herald Publishing Association,
_c1981.
300 _a730 páginas ;
_c23 centímetros
336 _atext
_2rdacontent
337 _aunmediated
_2rdamedia
338 _avolume
_2rdacarrier
504 _aNotas bibliográficas.
505 0 _aOld testament studies -- New testament studies -- Historical studies -- Thelogical studies.
526 _aSEG42
526 _aSEG41
526 _aSEG40
526 _aSEG39
526 _aP94
526 _aP87
526 _aP86
526 _aP85
526 _aP77
526 _aP76
526 _aP35
650 0 4 _aSantuario
_xDoctrina (IASD).
_94147
700 1 _aLesher, W. Richard,
_eeditor.
700 1 _aWallenkampf, Arnold Valentin,
_d1913- ,
_eeditor.
910 _ajck
_bjvq
_cjck
_d20150616
942 _2ddc
_cBOOK
949 _a291.35 W21
_wDEWEY
_c1
_i34760
_lCCODEBUL1
_mBUL
_p
_r0
_sY
_tBOOK
_u19930928
_xTEOLOGIA
_PP35
_0COMPRA
_o.STAFF. Colección Teología
949 _a291.35 W21
_wDEWEY
_c2
_i20987
_lCCODEBUL1
_mBUL
_p
_r0
_sY
_tBOOK
_u19930928
_xTEOLOGIA
_PP35
_0COMPRA
_o.STAFF. Colección Teología
994 _aC0
_bPEPRU
596 _a1
999 _a291.35 W21
_wDEWEY
_c5746
_i34760
_d5746
_e2015-11-15
_f2021-11-12
_g5
_lCCODEBUL1
_mBUL
_n1
_p30.00
_q2
_r0
_sY
_tBOOK
_u2015-6-17
_xTEOLOGIA
_PP35
_0COMPRA
_o.STAFF. Colección Teología
999 _a291.35 W21
_wDEWEY
_c2
_i20987
_d2017-2-2
_e2017-1-30
_f2021-11-12
_g5
_lCCODEBUL1
_mBUL
_n2
_p30.00
_r0
_sY
_tBOOK
_u2015-6-17
_xTEOLOGIA
_PP35
_0COMPRA
_o.STAFF. Colección Teología
980 _81
_gALBERTO SANCHEZ Responsable de Automatización